PGA Tour Golf Courses - Statistics

General Stats
  • This quiz has been taken 297 times
  • The average score is 16 of 49
Answer Stats
Course Tournament % Correct
Augusta National Golf Club Masters
94%
Los Angeles Country Club U.S. Open
82%
Royal Liverpool The Open Championship
78%
TPC Sawgrass The Players Championship
78%
Oak Hill Country Club PGA Championship
75%
TPC Deere Run John Deere Classic
56%
East Lake Golf Club TOUR Championship
54%
TPC Scottsdale Waste Management Phoenix Open
53%
Bay Hill Resort and Lodge Arnold Palmer Invitational
48%
Muirfield Village Golf Club Memorial Tournament presented by Workday
47%
Harbour Town Golf Links RBC Heritage
46%
Olympia Fields Country Club (North Course) BMW Championship
45%
Riviera Country Club Genesis Invitational
44%
Pebble Beach AT&T Pebble Beach Pro-Am
34%
Waialae Country Club Sony Open
34%
TPC Twin Cities 3M Open
33%
Torrey Pines Farmers Insurance Open
33%
Detroit Golf Club Rocket Mortgage Classic
33%
TPC River Highlands Travelers Championship
33%
TPC San Antonio Valero Texas Open
33%
Quail Hollow Wells Fargo Championship
33%
The Renaissance Club Genesis Scottish Open
32%
Innisbrook Resort (Copperhead) Valspar Championship
32%
TPC Southwind FedEx St. Jude Championship
28%
PGA National Resort Honda Classic
28%
Plantation Course at Kapalua Sentry Tournament of Champions
27%
Pete Dye Stadium Course American Express
26%
TPC Louisiana Zurich Classic
26%
Memorial Park Golf Course Cadence Bank Houston Open
25%
Vidanta Vallarta Mexico Open
25%
TPC Summerlin Shriners Children's Open
25%
Grand Reserve Golf Club Puerto Rico Open
21%
Oakdale Golf & Country Club RBC Canadian Open
20%
Austin Country Club World Golf Championships-Dell Technologies Match Play
20%
Sedgefield Country Club Wyndham Championship
19%
Congaree Golf Club CJ Cup
17%
TPC Craig Ranch AT&T Byron Nelson
16%
Silverado Resort and Spa (North Course) Fortinet Championship
15%
Albany Golf Club Hero World Challenge
15%
Sea Island Seaside Course RSM Classic
15%
Accordia Golf Narashino Country Club Zozo championship
14%
Keene Trace Golf Club Barbasol Championship
13%
Tahoe Mountain Club (Old Greenwood) Barracuda Championship
13%
Port Royal Golf Course Butterfield Bermuda Championship
13%
Country Club of Jackson Sanderson Farms Championship
13%
Colonial Country Club Charles Schwab Challenge
12%
Puntacana Resort & Club Corales Puntacana Championship
7%
Tiburón Golf Course QBE Shootout
6%
El Camaleon Golf Club OHL Classic
1%
No matching quizzes found
Score Distribution
Percent of People with Each Score
Percentile by Number Answered
Your Score History
You have not taken this quiz